Az interioritás és a lélek ismerete
Elmentve itt :
| Szerző: | |
|---|---|
| Testületi szerző: | |
| Dokumentumtípus: | Könyv része |
| Megjelent: |
2006
|
| Sorozat: | Lábjegyzetek Platónhoz
5 A lelkiismeret 5 |
| Kulcsszavak: | Tudat - filozófia, Fenomenológia |
| Tárgyszavak: | |
| Online Access: | http://acta.bibl.u-szeged.hu/49099 |
| LEADER | 00844naa a2200241 i 4500 | ||
|---|---|---|---|
| 001 | acta49099 | ||
| 005 | 20220107105919.0 | ||
| 008 | 170822s2006 hu o 0|| hun d | ||
| 020 | |a 963 212 659 9 | ||
| 022 | |a 1785 7082 | ||
| 040 | |a SZTE Egyetemi Kiadványok Repozitórium |b hun | ||
| 041 | |a hun | ||
| 100 | 1 | |a Ullmann Tamás | |
| 245 | 1 | 3 | |a Az interioritás és a lélek ismerete |h [elektronikus dokumentum] / |c Ullmann Tamás |
| 260 | |c 2006 | ||
| 300 | |a 292-305 | ||
| 490 | 0 | |a Lábjegyzetek Platónhoz |v 5 | |
| 490 | 0 | |a A lelkiismeret |v 5 | |
| 650 | 4 | |a Bölcsészettudományok | |
| 650 | 4 | |a Filozófia, etika és vallástudományok | |
| 695 | |a Tudat - filozófia, Fenomenológia | ||
| 710 | |a Lábjegyzetek Platónhoz: A lelkiismeret (2006) (Szeged) | ||
| 856 | 4 | 0 | |u http://acta.bibl.u-szeged.hu/49099/1/platonhoz_005_292-305.pdf |z Dokumentum-elérés |